|
|
|
|
| LEADER |
02361nam a2200553 a 4500 |
| 001 |
nkc20142540417 |
| 003 |
CZ PrNK |
| 005 |
20140404082244.0 |
| 007 |
ta |
| 008 |
140117s2013 xr a e 001 0 cze |
| 015 |
|
|
|a cnb002540417
|
| 020 |
|
|
|a 978-80-7395-693-6
|q (brož.)
|
| 035 |
|
|
|a (OCoLC)872341001
|
| 040 |
|
|
|a OLA001
|b cze
|
| 043 |
|
|
|a e-cs---
|a e-xr---
|a e-xo---
|
| 045 |
|
|
|a x4y1
|
| 072 |
|
7 |
|a 621.39
|x Sdělovací technika
|2 Konspekt
|9 19
|
| 080 |
|
|
|a 621.396.96
|2 MRF
|
| 080 |
|
|
|a (437)
|2 MRF
|
| 080 |
|
|
|a (437.3)
|2 MRF
|
| 080 |
|
|
|a (437.6)
|2 MRF
|
| 080 |
|
|
|a (048.8)
|2 MRF
|
| 245 |
0 |
0 |
|a Historie radiolokační techniky v Československu /
|c [editovali Václav Špás, Pavel Bezoušek]
|
| 250 |
|
|
|a Vyd. 1.
|
| 260 |
|
|
|a Pardubice :
|b Univerzita Pardubice,
|c 2013
|
| 300 |
|
|
|a viii, 211 s. :
|b il. (převážně barev.) ;
|c 24 cm
|
| 500 |
|
|
|a Na rubu tit. s. uvedeno: Univerzita Pardubice, Fakulta elektrotechniky a informatiky
|
| 500 |
|
|
|a 230 výt.
|
| 504 |
|
|
|a Obsahuje bibliografii a rejstřík
|
| 521 |
8 |
|
|a Určeno pro odborníky v oboru radarových a rádiových systémů, studenty rádiových systémů, radioamatéty, pamětníky výroby a vývoje rádiové a radiolokační techniky, zájemce o historii techniky na našem území
|
| 648 |
|
4 |
|a 1945-2010
|
| 650 |
0 |
7 |
|a radarová technika
|7 ph258297
|z Československo
|2 czenas
|
| 650 |
0 |
7 |
|a radarová technika
|7 ph258297
|z Česko
|2 czenas
|
| 650 |
0 |
7 |
|a radarová technika
|7 ph258297
|z Slovensko
|2 czenas
|
| 650 |
0 |
9 |
|a radar technology
|z Czechoslovakia
|2 eczenas
|
| 650 |
0 |
9 |
|a radar technology
|z Czechia
|2 eczenas
|
| 650 |
0 |
9 |
|a radar technology
|z Slovakia
|2 eczenas
|
| 655 |
|
7 |
|a přehledy
|7 fd133202
|2 czenas
|
| 655 |
|
9 |
|a surveys
|2 eczenas
|
| 700 |
1 |
|
|a Špás, Václav
|7 ola2014805601
|4 edt
|
| 700 |
1 |
|
|a Bezoušek, Pavel,
|d 1943-
|7 ntka172038
|4 edt
|
| 710 |
2 |
|
|a Univerzita Pardubice.
|b Fakulta elektrotechniky a informatiky
|7 pag2009420265
|
| 910 |
2 |
|
|a BOA001
|b 2-1319.105
|
| 990 |
|
|
|a BK
|
| 995 |
|
|
|a 01
|
| 991 |
|
|
|b 201402
|c NOV
|e n
|
| 996 |
6 |
|
|b 2610577675
|c 2-1319.105
|l MZK
|r Sklad / do 1 hodiny
|n 3
|p p.v.
|w 001395676
|u 000010
|a 1
|e BOA001
|j MZK50
|s P
|
| 996 |
6 |
|
|b 2610587409
|c 2-1319.105
|l MZK
|r STM 6p
|n 0
|p kup
|h 621.39 HIS
|w 001395676
|u 000020
|a 0
|e BOA001
|j MZK50
|s P
|
| 996 |
7 |
|
|b 2610587410
|c 2-1319.105
|l MZK
|r Sklad / do 1 hodiny
|n 5
|p kup
|w 001395676
|u 000030
|a 1
|e BOA001
|j MZK50
|s A
|